[Event "3rd Mersin Open 2018"]
[Site "Mersin"]
[Date "2018.09.16"]
[Round "9.4"]
[White "Ersahin, Bulent"]
[Black "Tarlev, Konstantin"]
[Result "0-1"]
[WhiteElo "2191"]
[BlackElo "2564"]
[Annotator "TA"]
[PlyCount "72"]
[EventDate "2018.09.09"]
[EventType "swiss"]
[EventCountry "TUR"]
[SourceTitle "playchess.com"]
[Source "ChessBase"]
[SourceQuality "1"]

{[%evp 18,72,31,15,11,12,18,25,28,19,23,30,43,0,0,0,27,32,38,14,21,12,20,18,30,39,56,71,89,44,70,23,59,63,92,37,26,0,25,-12,-24,-31,-10,-100,-105,-108,-107,-99,-77,-75,-74,-252,-265,-1677,-1637,-1789,-1764]} 1. e4 c5 2. Nf3 d6 3. d4 cxd4 4. Nxd4 Nf6 5. Nc3 a6 6. Bg5 e6 7. f4 Qb6 8. a3 Nc6 9. Nb3 Be7 {B97: Sizilianisch (Najdorf-Variante)} 10. Qd2 {LiveBook: 18 Partien} h6 (10... O-O 11. O-O-O Rd8 12. Bd3 h6 13. h4 Bd7 14. Qe2 Kf8 15. e5 dxe5 16. fxe5 hxg5 17. exf6 Bxf6 18. hxg5 Bxg5+ {1-0 (35) Nakamura,H (2786)-Nepomniachtchi,I (2751) Moscow 2017 CBM 179 [Yermolinsky,A]}) 11. Bxf6 Bxf6 {Die Stellung ist ausgeglichen.} 12. O-O-O Be7 13. Kb1 Qc7 14. Be2 Rb8 $146 ({Vorgänger:} 14... b5 15. f5 Ne5 16. fxe6 fxe6 17. Rhf1 {½-½ (77) Cranbourne,C (2455)-Schnabel,M (2438) ICCF corr 2003}) 15. Rhf1 b5 16. f5 Ne5 17. fxe6 Bxe6 18. Nd5 Bxd5 $1 19. Qxd5 O-O 20. Nd4 g6 21. c3 Rbc8 22. Nc2 Qb8 23. Ne3 Rc5 24. Qb3 Kg7 25. Nd5 Re8 26. Nb4 (26. g3 $16) 26... Qb7 $14 27. Rd5 {[#] Txe5! ist eine echte Drohung.} Bf8 28. Ka2 a5 29. Rxc5 dxc5 30. Qd5 {[#]} (30. Nd5 $11 {bleibt in der Remisbreite.}) 30... Qc7 $1 $17 31. Bxb5 {Schwarz muss nun Sa6 beachten.} Rd8 32. Na6 Qe7 33. Qb3 Rd2 $36 {[%mdl 2048] Schwarz hat starke Initiative.} 34. Nb8 $2 (34. Bc4 $17 {war nötig.}) 34... c4 $19 ({Schlechter ist} 34... Rxg2 35. Nc6 $11) 35. Bxc4 $2 (35. Qa4 Qb7 36. Na6) 35... Nxc4 36. Nc6 Qxe4 {Precision: Weiß = 23%, Schwarz = 51%.} 0-1

[Event "3rd Mersin Open 2018"]
[Site "Mersin"]
[Date "2018.09.16"]
[Round "9.5"]
[White "Odeev, Handszar"]
[Black "Olcum, Ahmet"]
[Result "1-0"]
[WhiteElo "2410"]
[BlackElo "2302"]
[Annotator "TA"]
[PlyCount "113"]
[EventDate "2018.09.09"]
[EventType "swiss"]
[EventCountry "TUR"]
[SourceTitle "playchess.com"]
[Source "ChessBase"]
[SourceQuality "1"]

{[%evp 11,113,23,21,0,-4,-25,74,74,74,77,73,72,72,77,77,76,77,74,79,70,86,69,57,66,63,58,62,62,51,57,57,39,103,99,86,92,108,78,216,139,131,91,110,95,113,90,123,93,235,257,246,237,370,359,374,366,345,337,328,151,147,154,154,138,125,112,102,94,88,24,36,43,64,56,75,70,103,112,114,124,154,154,283,275,276,268,271,274,461,467,687,684,618,604,635,596,694,693,12845,12841,12844,12845,12850,12851]} 1. e4 d6 2. d4 Nf6 3. Nc3 Nbd7 4. Nf3 e5 5. Bd3 Be7 6. O-O {C41: Philidor Defence} O-O {LiveBook: 4 Games} 7. Ne2 (7. b3 c6 8. Bb2 Re8 9. a4 a5 10. Re1 exd4 11. Nxd4 Nc5 12. Bf1 Bf8 13. Qf3 Qe7 14. Nf5 Bxf5 15. Qxf5 g6 {½-½ (48) Naroditsky,D (2619)-Gorovets,A (2517) chess.com INT 2018}) 7... d5 8. dxe5 {The position is equal.} Nxe4 (8... dxe4 $11 9. exf6 Nxf6) 9. c4 $16 Ndc5 10. cxd5 Qxd5 11. Nf4 $146 ({Predecessor:} 11. Bc2 Qxd1 12. Rxd1 a5 13. Ng3 Nxg3 14. hxg3 {½-½ (39) Gasik,A (2018)-Lubczynski,R (2300) Wroclaw 2005}) 11... Qd8 12. Bc2 Qxd1 13. Rxd1 a5 14. Be3 {Hoping for Nd2.} c6 15. Rac1 Bg4 16. h3 Bxf3 $1 17. gxf3 Ng5 18. Kg2 Rfd8 19. Ne2 Nge6 20. f4 Nc7 21. Kf3 Nd5 (21... g6 $14) 22. Bxc5 Bxc5 {[#]} 23. Bxh7+ $1 {[%mdl 512]} Kxh7 24. Rxc5 Nb4 (24... f6 $16) 25. Rxd8 Rxd8 $18 {[%mdl 4096] Endgame KRN-KRN} 26. a3 Nd3 27. Rxa5 Nxb2 28. Ra7 Rd3+ 29. Ke4 Rb3 (29... Rd7 $16) 30. Nd4 Rb6 31. f5 c5 (31... Nd1 $142 32. e6 fxe6) 32. Nf3 {Threatens to win with Ng5+.} f6 33. e6 Nc4 {intending ...Nd6+.} 34. Kd5 Nd6 35. Kxc5 (35. Nh4 $18 {has better winning chances.} Nc8 36. Ra4) 35... Rc6+ $16 36. Kd5 Nxf5 37. Rxb7 Rd6+ 38. Ke4 Kg6 39. e7 Re6+ 40. Kf4 ({White should play} 40. Kd3 $1 $16) 40... Re2 41. Rb2 Rxe7 42. a4 {[%cal Ba3a4,Ba4a5][%mdl 32]} Nd6 43. Ra2 Kf7 44. Nd2 Nb7 45. Nb3 g5+ 46. Kf3 Rc7 {[#]} (46... Nd8 $16 {was called for.} 47. a5 Nc6) 47. a5 $1 $18 Rc3+ {[#]} 48. Kg2 $1 Nd6 49. a6 Nb5 $2 (49... Rc8 {was worth a try.} 50. a7 Ra8) 50. a7 {White is clearly winning.} Nxa7 (50... Nc7 $142 51. Nd2 Ke6) 51. Rxa7+ {KRN-KR} Kg6 52. Nd4 Rd3 53. Rd7 Kh5 54. Rd6 g4 55. Rd5+ f5 56. hxg4+ Kxg4 57. Nxf5 {Precision: White = 63%, Black = 43%.} 1-0

[Event "3rd Mersin Open 2018"]
[Site "Mersin"]
[Date "2018.09.16"]
[Round "9.6"]
[White "Bagaturov, Giorgi"]
[Black "Kazimova, Narmin"]
[Result "1-0"]
[WhiteElo "2396"]
[BlackElo "2264"]
[Annotator "TA"]
[PlyCount "83"]
[EventDate "2018.09.09"]
[EventType "swiss"]
[EventCountry "TUR"]
[SourceTitle "playchess.com"]
[Source "ChessBase"]
[SourceQuality "1"]

{[%evp 27,83,58,100,86,151,131,181,122,129,137,187,201,183,177,182,175,191,231,235,234,245,235,231,229,279,266,297,294,322,318,300,308,595,586,743,625,1472,1258,1395,0,211,153,140,103,246,-68,-68,-80,771,760,1228,663,610,513,711,687,878,874]} 1. d4 Nf6 2. c4 e6 3. Nf3 b6 4. g3 Bb7 5. Bg2 Be7 6. O-O O-O 7. Re1 d5 8. cxd5 exd5 9. Nc3 Na6 10. Bf4 c5 11. dxc5 bxc5 {E17: Damenindisch (Hauptfortsetzung)} 12. Ne5 (12. Qb3 Qc8 13. Ne5 Rd8 14. Bh3 Qxh3 15. Qxb7 Bd6 16. Qxf7+ Kh8 17. Nxd5 Bxe5 18. Bxe5 Rf8 19. Qb7 {1-0 (32) Yu,Y (2724)-Sargissian,G (2668) Tsaghkadzor 2015 CBM 166 [RR]}) 12... Nc7 13. Nc4 Ne6 14. Be5 Ne4 {LiveBook: 3 Partien} 15. Qb3 Ba6 $146 ({Günstiger ist} 15... Bc6) ({Vorgänger:} 15... Qc8 16. Na5 Nxc3 17. bxc3 Ba6 18. Qxd5 Nc7 19. Qc6 Bd8 20. Rad1 Rb8 21. Rxd8 Qxd8 22. Bxc7 {1-0 (22) Teske,H (2524)-Sebe Vodislav,R (2244) Naujac 2003}) 16. Ne3 $16 c4 {[#]} 17. Qc2 ({Lieber} 17. Qa4 $1 $18 N4c5 18. Qa3) 17... Nxc3 18. bxc3 ({Doch nicht} 18. Bxc3 $6 d4 $11) 18... f6 19. Bxd5 fxe5 20. Bxe6+ Kh8 21. Bxc4 Bxc4 22. Nxc4 Bc5 23. e3 Qf6 24. Rf1 Rac8 25. Qe4 Rfe8 26. Rad1 Bf8 27. Rd5 Qa6 28. Nxe5 ({Keinesfalls} 28. Rxe5 Red8 $18) 28... Qxa2 29. Rfd1 a5 $2 (29... Qa6 30. c4 Qe6) 30. c4 $18 a4 31. Rd7 a3 32. Nf7+ Kg8 33. Ne5 $2 (33. Qf5 $18 {Weiss droht Sg5 und Matt.} Qxc4 34. Ng5) 33... Rc5 $2 (33... Kh8 $1 $11 34. Qf5 Rxe5 35. Qxe5 Qxc4) 34. R7d5 Qb3 {[#] Droht stark ...Txe5!} 35. Kg2 a2 (35... Qb7 $16) 36. Rxc5 $2 (36. Ra1 $18 {Schwarz muss nun Txc5 beachten.} Qb7 37. Rxa2) 36... Qxd1 $15 37. Ra5 Bd6 $2 {[%mdl 8192]} (37... Qd6 $17 38. Qd4 Rxe5 39. Rxa2 Qc6+ 40. f3 Rc5) 38. Ra8 $18 {Weiß steht klar auf Gewinn.} Bb8 39. Qf5 {Beabsichtigt Df7+ und Matt.} Qd8 40. Nc6 Qc7 41. Qd5+ Kh8 42. Rxa2 {Precision: Weiß = 64%, Schwarz = 26%.} 1-0

[Event "3rd Mersin Open 2018"]
[Site "Mersin"]
[Date "2018.09.16"]
[Round "9.7"]
[White "Koksal, Ege"]
[Black "Isik, Engin Yasar"]
[Result "1-0"]
[WhiteElo "2367"]
[BlackElo "2171"]
[Annotator "TA"]
[PlyCount "275"]
[EventDate "2018.09.09"]
[EventType "swiss"]
[EventCountry "TUR"]
[SourceTitle "playchess.com"]
[Source "ChessBase"]
[SourceQuality "1"]

{[%evp 20,275,58,58,86,82,81,-86,-94,-70,-91,-185,-118,-125,-72,-72,-72,-72,-72,-72,-72,-72,-72,-88,-88,-101,-102,-128,-121,-128,-128,-128,-128,-128,-128,-128,-128,-128,-128,-128,-128,-128,-128,-128,-128,-176,-176,-176,-176,-176,-174,-160,-128,-143,-128,-128,-128,-128,-128,-128,-128,-128,-114,-128,-128,-128,-128,-128,-128,-128,-128,-128,-128,-128,-128,-128,-112,-128,-128,-128,-128,-128,-128,-128,-128,-128,-128,-128,-128,-128,-128,-128,-128,-128,-128,-128,-128,-128,-128,-128,-128,-128,-128,-128,-128,-128,-128,-128,-128,-128,-128,-128,-128,-128,-128,-128,-97,-128,-114,-140,-107,-107,-107,-107,-107,-107,0,0,0,-65,-64,-133,-141,-171,-157,-114,-159,-246,-77,-93,-87,-86,-80,-57,-68,-81,-68,-73,0,-8,0,-21,-31,-28,-21,-26,-21,-21,-29,-43,-41,-28,-16,-420,-420,-565,-557,-570,-479,-564,-420,-410,-384,-352,-337,-617,-626,-628,-637,-589,-638,-564,-632,-565,-531,-519,-438,-438,-432,-400,-384,-510,-481,-848,-494,-815,-812,-800,-764,-642,-122,-120,-120,-125,0,0,20,0,0,0,0,0,319,422,401,349,422,390,344,80,80,80,80,80,80,80,422,422,422,308,422,422,422,127,127,127,127,127,127,127,127,127,939,127,936,870,1520,672,422,0,1449,1079,2552,1920,6134,5647,12804,12115]} 1. d4 Nf6 2. c4 g6 3. Nc3 Bg7 4. e4 d6 5. Nf3 O-O 6. Be2 e5 7. d5 a5 8. h3 Nh5 9. g3 {E92: King's Indian: Classical: 6 Be2 e5: 7 dxe5, 7 Be3 and Petrosian System without 7...Nbd7} Na6 10. Bg5 Qe8 11. Nd2 {LiveBook: 5 Games. White is slightly better.} Nc5 12. Nb5 $146 ({Predecessor:} 12. Be3 f6 13. Bxc5 dxc5 14. Bxh5 gxh5 15. g4 Qg6 {1-0 (32) Tomashevsky,E (2744)-Yuffa,D (2504) Doha 2015}) 12... f6 13. Nxc7 $2 (13. Be3 $1 $16 {is necessary to keep the advantage.} Qf7 14. Bxh5 gxh5 15. g4) 13... Qd8 $1 $17 {[%cal Rd8c7]} 14. Nxa8 fxg5 15. Qc2 (15. Bxh5 $17 {is a better defense.} gxh5 16. Qxh5) 15... Bd7 (15... Nf6 $1 $19 16. g4 Bd7) 16. Nb3 Qxa8 (16... a4 $142 17. Bxh5 (17. Nxc5 Qa5+ 18. Qc3 Qxc5 $17) 17... axb3 18. axb3 gxh5) 17. Nxc5 dxc5 18. Bg4 Qc8 19. Qe2 Nf6 {[%cal Rf6g4]} 20. Bxd7 Qxd7 21. g4 Ne8 22. f3 Nd6 23. a4 Qc7 24. O-O Qb6 25. Rfc1 Qb4 26. Rc3 Bf6 27. Qc2 Qb6 $1 28. Kg2 Qc7 29. Re1 Bd8 30. Rf1 Qf7 31. Qe2 b6 32. b3 Kg7 33. Rcc1 Qf4 34. Rce1 Qf6 35. Rd1 Be7 36. Rde1 Rd8 37. Rd1 Qf4 38. Rde1 Nf7 39. Qe3 Bd6 40. Re2 Kf6 41. Qf2 Rf8 42. Rfe1 Kg7 43. Qg3 Qf6 44. Qf2 Nh6 {[%cal Bf7h6,Bh6g8,Bg8f6,Bf6d7,Bd7b8,Bb8a6,Ba6b4][%mdl 32]} 45. Qg3 Ng8 46. Rf1 Qe7 47. Ree1 Nf6 48. Qf2 Nd7 49. Re2 Nb8 50. Qe3 Na6 51. Ref2 Qf6 52. Re1 Nb4 53. Rfe2 Qe7 54. Rf1 Rf4 55. Qc3 Qf8 56. Qe3 Kf6 {[%cal Bg7f6,Bf6e7,Be7d7,Bd7c7][%mdl 32]} 57. Rd2 Ke7 58. Qe1 Kd7 59. Qg3 Kc7 60. Rh1 Rf7 61. Re1 Qe7 62. Rf1 Qf6 63. Re1 Bf8 {[%cal Bd6f8,Bf8g7,Bg7f6][%mdl 32]} 64. Red1 Kd6 65. Re2 Bg7 66. Qf2 Qf4 67. Qg3 Bf6 68. Rdd2 h5 69. Rd1 h4 70. Qf2 Bd8 71. Red2 Rb7 72. Re2 b5 (72... Rg7 $17) 73. axb5 $11 Ra7 74. Rg1 (74. Kg1 $11) 74... a4 $1 $15 {[%cal Ra4b3]} (74... Nd3 $6 75. Qe3 $14) 75. bxa4 ({Better is} 75. Qe3 $1 $15) 75... Rxa4 $17 76. Qe3 Qxe3 $1 77. Rxe3 Nc2 $1 {[%csl LRc4,LRe3][%cal Rc2e3]} 78. Rb3 (78. Rc3 $17 {was the only chance.} Nd4 79. Rb1 Ra2+ 80. Kh1) 78... Ra2 $2 (78... Rxc4 $19 {is more deadly.} 79. Kh1 Rb4) 79. Kh1 Nd4 80. Rbb1 Nxf3 {[%csl Gf3][%cal Ra2h2]} 81. Rg2 Rxg2 $1 82. Kxg2 Nd2 83. Rc1 Nxe4 (83... Kd7 $1 $17) 84. Ra1 Bb6 85. Ra8 Nd2 86. Ra4 Kc7 87. Kf2 Ne4+ 88. Ke3 Nd6 89. Kd3 e4+ 90. Kc3 Kb7 91. Ra1 $2 {[%mdl 8192]} (91. Kb3 $1 $11) 91... Bd8 $1 $19 {[%cal Rd8f6]} 92. Ra6 Bf6+ 93. Kc2 Be5 94. Ra4 Bg3 95. Kd2 Bf4+ 96. Ke2 Nc8 97. Ra6 $2 (97. Ra2) 97... Nb6 98. d6 Bxd6 99. Ke3 Nxc4+ 100. Kxe4 Nb6 $1 101. Ra2 Bf4 102. Kd3 Be5 103. Ke4 Bg3 104. Kd3 Kc7 105. Ke4 c4 106. Ra6 (106. Re2 $142 Nd7 107. Kd5) 106... Bf2 107. Ra7+ (107. Ra2 $142 Be1 108. Kd4) 107... Kd6 108. Rg7 Kc5 109. Rxg6 Kxb5 $2 (109... c3 $19 110. Kd3 Kb4) 110. Rxg5+ $17 Kb4 111. Rf5 Be1 (111... Bc5 $1 $17 {aiming for ...Na4.} 112. Rf1 (112. g5 Nc8 $17) 112... Nc8 113. Rb1+ Kc3) 112. g5 $11 {[%cal Bg4g5,Bg5g6][%mdl 32]} Bc3 113. g6 Nd7 114. Kd5 Nf6+ 115. Ke6 Ng8 $2 {[%mdl 8192]} (115... Ne8 $11 {and Black is okay.} 116. Rf8 Nc7+ 117. Kd7 (117. Kf7 Be5 $11) 117... Na6) 116. Rf8 $1 $18 {[%cal Rf8g8]} Nh6 117. Kd5 Bd2 {Threatens to win with ...c3.} 118. Rb8+ Kc3 {[#]} 119. Rc8 $2 (119. Ke4 $1 $18 {and the rest is easy.}) 119... Kd3 $16 {...c3 is the strong threat.} 120. Rxc4 Nf5 121. Rc7 {[%mdl 1024] White has strong compensation.} Bc3 122. Rf7 Ng7 $2 {[%mdl 8192]} (122... Ne3+ $16 123. Kd6 Ke4 124. Re7+ Kf4) 123. Rf3+ $18 Kd2 124. Rf4 Ke3 125. Rxh4 Bf6 126. Rg4 $2 (126. Re4+ $18 {has better winning chances.} Kf3 127. Rg4) 126... Kf3 $16 127. Kd6 Bb2 {[#]} 128. Ke7 $1 {[%cal Re7f7] Hoping for Kf7.} Nh5 129. Rg1 {And now Kf7 would win.} Bd4 130. Rd1 Bb2 $2 {[%mdl 8192]} (130... Bh8 $16) 131. Rd2 $2 (131. Rb1 $18 {is the precise move to win.} Bh8 132. Rb3+ Kf4 133. Rb5) 131... Ba1 $2 {[%mdl 8192]} (131... Bh8 $16) 132. Ra2 $18 Bd4 133. Ra4 (133. Kf7 $142 Ng7 134. Ra3+ Kf4 135. Ra4) 133... Bb2 134. Ra2 (134. h4 $142) 134... Bd4 {If only Black now had time for ...Nf4....} 135. Kf7 {White is clearly winning.} Kg3 136. Ra3+ Kg2 137. h4 Kh2 138. Ra5 {Precision: White = 54%, Black = 61%.} 1-0

[Event "3rd Mersin Open 2018"]
[Site "Mersin"]
[Date "2018.09.16"]
[Round "9.8"]
[White "Annaberdiyev, Babageldi"]
[Black "Alaz, Ahmet Efekan"]
[Result "1-0"]
[WhiteElo "2214"]
[BlackElo "2127"]
[Annotator "TA"]
[PlyCount "119"]
[EventDate "2018.09.09"]
[EventType "swiss"]
[EventCountry "TUR"]
[SourceTitle "playchess.com"]
[Source "ChessBase"]
[SourceQuality "1"]

{[%evp 16,119,20,26,37,37,51,38,56,-8,72,76,79,77,152,152,147,124,104,125,118,12,58,53,54,55,59,59,66,35,35,35,50,45,55,35,43,33,57,33,31,24,32,11,3,0,8,0,4,0,22,8,8,16,19,4,21,32,116,109,127,121,124,121,157,149,168,183,258,260,281,264,321,331,302,251,511,508,516,509,516,516,497,493,545,545,547,545,547,506,557,556,546,539,568,555,636,615,637,622,607,590,932,958,939,924]} 1. d4 d5 2. Nf3 Nf6 3. c4 c6 4. e3 a6 5. Bd3 b5 6. cxd5 {D11: Slav Defence: 3 Nf3 sidelines and 3...Nf6 4 e3 Bg4} (6. b3 Bg4 7. Nbd2 e6 8. Qc2 Nbd7 9. Bb2 Bh5 10. c5 Bg6 11. Bxg6 hxg6 12. b4 Be7 13. a4 Qb8 {1-0 (32) Bologan,V (2663)-Postny,E (2627) France 2008}) 6... cxd5 7. a4 b4 8. a5 e6 9. Nbd2 {LiveBook: 9 Games} Be7 10. Ne5 O-O 11. O-O Bb7 12. Qa4 $146 (12. Nb3 $14) ({Predecessor:} 12. f4 Nbd7 13. Qf3 Re8 {1-0 (67) Sambuev,B (2514)-Drolet,S (2052) Quebec 2018}) 12... Qd6 {[#]} (12... Qc7 $11 {remains equal.}) 13. Nb3 $1 $16 Nfd7 14. Bd2 f6 (14... Nxe5 $142 15. dxe5 Qxe5) 15. Nxd7 Nxd7 {[#]} 16. Bxb4 $1 {[%mdl 512]} Qxb4 17. Qxd7 {aiming for Nc5.} Bc8 {[#]} 18. Qa4 ({White has to play} 18. Qc6 $1 $16 {[%cal Rc6a8]} Qxb3 19. Qxa8 Qxd3 20. Rfc1) 18... Rb8 {...Qxa4 is the strong threat.} 19. Qxb4 Rxb4 20. Nc5 Bxc5 $1 21. dxc5 Rf7 22. Ra2 Rc7 23. Rc1 Rb3 24. Be2 Kf7 25. Kf1 Ke7 26. Ke1 Kd7 27. Bd1 Rb4 28. Ba4+ Ke7 29. c6 Kd6 30. b3 e5 31. Rd2 $36 {[%mdl 2048] White has the initiative.} Be6 32. Rc4 Rxc4 33. bxc4 $11 {[%mdl 4096] Endgame KRB-KRB} Kc5 34. Rb2 {next Rb7 is good for White.} dxc4 35. Rb7 Kd6 36. Rb6 Bc8 ({Black should play} 36... c3 $14) 37. Kd2 $16 Kc5 38. Kc3 g6 39. Rb4 Be6 40. Rb7 Kd6 41. Rb6 Bd5 (41... Bc8 $142 42. Kxc4 h6) 42. f3 $18 ({Weaker is} 42. Rxa6 Bxg2 43. Kb4 c3 $14) 42... f5 43. Rxa6 Kc5 44. Rb6 Ra7 45. Rb8 Rxa5 $2 (45... h6 46. Rb5+ Kd6) 46. c7 {White is clearly winning.} Be6 47. c8=Q+ Bxc8 48. Rxc8+ {KRB-KR} Kd6 49. Rxc4 Ra7 50. e4 fxe4 51. fxe4 Ke7 52. Kd3 Kf6 53. Ke3 Kg5 54. Bc2 h5 55. Rc5 Re7 56. Bd1 Re6 57. Be2 Re7 58. Bc4 Kg4 59. Rc6 Kg5 60. Re6 {Precision: White = 68%, Black = 45%.} 1-0

[Event "3rd Mersin Open 2018"]
[Site "Mersin"]
[Date "2018.09.16"]
[Round "9.9"]
[White "Zeynalli, Rashad"]
[Black "Acar, Utku Cengiz"]
[Result "1-0"]
[WhiteElo "2318"]
[BlackElo "2122"]
[Annotator "TA"]
[PlyCount "109"]
[EventDate "2018.09.09"]
[EventType "swiss"]
[EventCountry "TUR"]
[SourceTitle "playchess.com"]
[Source "ChessBase"]
[SourceQuality "1"]

{[%evp 14,109,25,14,23,0,36,5,7,9,7,-17,34,-1,-16,-14,0,-193,-188,-125,-81,-84,-81,-85,-88,-94,-90,-95,-63,-52,-60,-72,-23,-23,-16,-27,0,0,0,0,0,0,0,0,0,0,0,-121,-114,-88,0,0,0,0,2,-432,-401,-333,140,135,178,178,174,178,451,429,970,846,662,282,282,199,199,199,199,199,782,308,301,227,4598,4627,4606,2691,1793,1525,29979,29980,29976,29975,29984,29985,29985,29986,29987,29988,29997,29998]} 1. e4 c5 2. Nf3 e6 3. d4 cxd4 4. Nxd4 Nc6 5. Nc3 Qc7 6. Be3 a6 7. Qd2 Nf6 8. O-O-O Be7 {B48: Sicilian: Taimanov: 5 Nc3 Qc7 6 Be3 a6 without Be2} 9. f3 b5 10. g4 Nxd4 {The position is equal.} 11. Bxd4 Bb7 12. h4 (12. g5 Nh5 13. Ne2 Rc8 14. c3 O-O 15. Bh3 f5 16. gxf6 Nxf6 17. Bxf6 Rxf6 18. Qxd7 Rxf3 19. Qxe6+ {1-0 (30) Fedoseev,V (2724)-Quesada Perez,Y (2627) chess.com INT 2018}) 12... O-O ({Black should play} 12... d5 $11) 13. h5 b4 14. Na4 Rac8 {Strongly threatening ...Nxe4!} 15. Nb6 $146 {[#]} (15. Kb1 $11 {and White is okay.}) ({Predecessor:} 15. Bd3 d5 16. e5 {0-1 (48) Mosquera,M (2393)-Leitao,R (2610) Mendes 2009}) 15... Nxe4 $1 $19 {[%mdl 512]} 16. Qd3 ({Don't go for} 16. fxe4 $2 Bg5 $1 $19 {[%mdl 512]}) 16... Nc5 17. Bxc5 Qxc5 18. Nxc8 Rxc8 19. Rh2 Bg5+ 20. Kb1 Bd5 (20... a5 {is interesting.} 21. Re2 Bd5 22. f4 Bc4 23. Qd4 Bxe2 24. Qxc5 Rxc5 25. Bxe2 Bxf4 26. Rxd7 g6) 21. c4 bxc3 22. Qxc3 Qxc3 (22... Bxf3 $5 23. Qxc5 (23. Qxf3 $2 {leads to mate.} Qc1+ 24. Rxc1 Rxc1#) 23... Rxc5 $17) 23. bxc3 Bxf3 24. Rxd7 Bxg4 25. Rg2 Bf5+ 26. Bd3 Bxd3+ 27. Rxd3 $11 {[%mdl 4096] Endgame KRR-KRB} h6 28. Re2 Rc5 29. Kc2 e5 30. Kb3 (30. Rd6 $11) 30... f5 $17 {[%cal Bf7f5,Bf5f4][%mdl 32]} 31. c4 Kf7 (31... e4 $17 32. Rd5 Rxd5 33. cxd5 Kf7) 32. Rd5 $1 $11 {[%cal Rd5c5]} Rxd5 33. cxd5 {KR-KB} Kf6 {Threatens to win with ...e4.} 34. Kc4 $2 {[%mdl 8192]} (34. d6 $1 $11 {and White stays safe.}) 34... f4 $1 $19 35. d6 {[#]} Ke6 $2 ({Better is} 35... f3 $1 $19 {[%cal Rf3e2]} 36. Re1 Kf5) 36. d7 $1 $16 {[%mdl 1024] White has strong compensation.} f3 {[#]} 37. Rd2 $1 {[%mdl 512]} Bd8 {[#]} (37... Bxd2 38. d8=Q) 38. Kd3 $1 {[%cal Rd3e4] Hoping for Ke4.} Kf5 $2 (38... Kxd7 {might work better.} 39. Ke4+ Kc7) 39. Ke3 $18 Kg4 (39... e4 $142 40. Rd5+ Ke6 41. Kxe4 f2) 40. Ke4 Kxh5 41. Kxf3 (41. Rf2 $142 Kg5 42. Rxf3) 41... Kg6 42. Rd6+ Kf7 43. Rxa6 Ke7 44. Rg6 Kf7 $2 (44... Kxd7 45. Rxg7+ Kc6) 45. Rg1 $2 (45. Rd6 h5 46. Rd5) 45... g5 46. Kg4 Kg6 $2 (46... Ke7 47. Rh1 Kxd7 48. Rxh6 Ba5) 47. Rf1 h5+ 48. Kg3 Kg7 49. a4 e4 50. Re1 {White mates.} Kf6 51. Rxe4 g4 52. Re8 Bc7+ 53. Kh4 Kg6 54. d8=Q Ba5 55. Re6+ {Precision: White = 49%, Black = 41%.} 1-0

[Event "3rd Mersin Open 2018"]
[Site "Mersin"]
[Date "2018.09.16"]
[Round "9.10"]
[White "Buyukasik, Diyap"]
[Black "Kizilkus, Akin"]
[Result "1/2-1/2"]
[WhiteElo "2305"]
[BlackElo "1980"]
[Annotator "TA"]
[PlyCount "97"]
[EventDate "2018.09.09"]
[EventType "swiss"]
[EventCountry "TUR"]
[SourceTitle "playchess.com"]
[Source "ChessBase"]
[SourceQuality "1"]

{[%evp 29,97,8,16,8,56,14,12,0,0,0,0,-77,-10,-6,-22,-23,-23,-51,0,-28,-6,0,-2,-4,0,0,0,0,0,0,8,10,12,0,8,14,14,0,0,0,0,0,0,0,0,0,0,0,0,0,0,0,0,0,244,0,0,0,0,0,0,0,0,0,0,-12,0,0,0,-35]} 1. c4 Nf6 2. g3 g6 3. Bg2 Bg7 4. Nc3 O-O 5. Nf3 d6 6. O-O e5 7. d3 Nc6 8. Rb1 a5 9. a3 h6 10. b4 axb4 11. axb4 Be6 12. b5 Ne7 13. Nd2 Qc8 14. Re1 {A26: English Opening vs King's Indian with ...Nc6 and d3} Bh3 15. Bh1 Ng4 {LiveBook: 4 Games} (15... Nd7 16. Qb3 Nc5 17. Qb4 Qd7 18. Nb3 Nxb3 19. Rxb3 Ra1 20. Bxb7 Rb8 21. Bd5 c5 {1-0 (59) Baramidze,D (2601)-Fruebing,S (2381) Germany 2017}) 16. e3 f5 (16... e4 $5 {[%cal Rg7c3]} 17. d4 f5 $11) 17. Bb2 g5 18. Nd5 Nxd5 $1 19. Bxd5+ Kh8 20. f4 $146 (20. Bg2 $11 Bxg2 21. Kxg2) ({Predecessor:} 20. Bh1 f4 21. exf4 gxf4 {½-½ (44) Andersen,L (2262)-Kupczyk,E (2123) Krakow 2008}) 20... c6 ({Much weaker is} 20... Ra2 21. fxg5 c6 22. bxc6 $11) (20... gxf4 $17 21. exf4 c6 22. bxc6 bxc6) 21. bxc6 $11 bxc6 22. Bg2 Bxg2 23. Kxg2 gxf4 24. exf4 {Black should prevent h3.} exf4 {[#] ...Ne3+ is the strong threat.} 25. Bxg7+ $1 Kxg7 26. gxf4 Re8 {And now ...Ne3+ would win.} 27. Qb3 Rxe1 28. Rxe1 Qd7 29. Qb2+ Kf7 30. h3 Nf6 31. Nf3 Rg8+ 32. Kh2 Re8 33. Rxe8 Qxe8 34. Nh4 Qe6 ({But not} 34... Qe3 $6 35. Qb7+ Kf8 36. Qc8+ Qe8 37. Qxe8+ (37. Qxf5 Qe2+ 38. Ng2 Kf7 $16) 37... Kxe8 38. Nxf5 $16) 35. Qb7+ Kf8 $1 36. Qxc6 Qe2+ 37. Ng2 Qxd3 38. c5 {[%cal Bc4c5,Bc5c6,Bc6c7][%mdl 32]} Ne4 39. Qa8+ Ke7 40. Qa7+ Kf6 41. c6 Nd2 $2 {[#]} (41... Qc3 $11 {and Black has nothing to worry.}) 42. Qa1+ $2 ({White has to play} 42. c7 $1 $18 {[%cal Rc7c8]} Nf3+ 43. Kg3 Nd4+ 44. Kh4) 42... Ke6 {The position is equal.} 43. Qa2+ d5 {Hoping for ...Nf3+.} 44. c7 Nf3+ 45. Kg3 Kd7 46. Qa7 Nd4+ 47. Kh2 Nf3+ 48. Kg3 Nd4+ 49. Kh2 {Precision: White = 66%, Black = 62%.} 1/2-1/2